Ozdobné kovové ploty a mříže

Guardado en:
Detalles Bibliográficos
Autor principal: Zub, Gleb (Autor)
Formato: Libro
Lenguaje:checo
Publicado: Praha : Grada, 2001
Edición:1.vyd.-dotlač
Etiquetas: Agregar Etiqueta
Sin Etiquetas, Sea el primero en etiquetar este registro!

MARC

LEADER 00000nam a22000003a 4500
001 stu73403
005 20150617225649.3
008 020129s2001----xr------------------cze-d
020 |a 80-7169-735-4 
040 |a STU  |b slo 
041 0 |a cze 
044 |a xr 
080 |a 69.028.8 
100 1 |a Zub, Gleb  |4 aut 
245 1 |a Ozdobné kovové ploty a mříže 
250 |a 1.vyd.-dotlač 
260 |a Praha :  |b Grada,  |c 2001 
300 |a 183 s.;schémy 
996 |b 284V000380  |c V*47262/O-20803  |l VVS  |s A  |a 24  |w stu73403_0001